| 000 | 03549nam0a2200529 i 4500 | ||
|---|---|---|---|
| 001 | RU\NLR\BIBL_A\011260115 | ||
| 005 | 20260408084401.0 | ||
| 021 |
_aRU _b2016-78123 _95083 |
||
| 029 | 1 | 0 |
_aRU _b12.4.026-2015 _cГОСТ |
| 035 | _a(NILC)RuMoRGB-008648278 | ||
| 035 | _a(NLR Aleph) 011260115 | ||
| 090 |
_a12210453 _c12210453 |
||
| 100 | _a20161031d2016 k y0rusy50 ca | ||
| 101 | 0 | _arus | |
| 102 | _aRU | ||
| 105 | _aa l 000|y | ||
| 200 | 1 |
_aСистема стандартов безопасности труда _iЦвета сигнальные, знаки безопасности и разметка сигнальная _eНазначение и правила применения _eОбщие технические требования и характеристики _eМетоды испытаний _dOccupational safety standards system. Safety colours, safety signs and signal marking. Purpose and rules of application. General technical requirements and characteristics. Test methods _zeng _eГОСТ 12.4.026-2015 _fподготовлен Экожилсервис, ФГБОУ ВПО "Пермский национальный исследовательский политехнический университет" |
|
| 205 | _aИзд. офиц. | ||
| 210 |
_aМосква _cСтандартинформ _d2016 |
||
| 215 |
_aIV, 76 c. _cил. _d29 |
||
| 225 | 2 |
_aМежгосударственный стандарт _fМежгосударственный совет по стандартизации, метрологии и сертификации |
|
| 239 | _aВвед. 01.03.2017 | ||
| 311 | _aИзд. (март 2017 г.) с Поправкой (ИУС 12-2016) (17-23388) | ||
| 320 | _aБиблиогр.: с. 75 (6 назв.) | ||
| 510 | 1 |
_aOccupational safety standards system _zeng |
|
| 510 | 1 |
_aSafety colours, safety signs and signal marking. Purpose and rules of application. General technical requirements and characteristics. Test methods _zeng |
|
| 517 | 1 | _aГОСТ 12.4.026-2015 | |
| 606 | 1 |
_aТехника безопасности _jСтандарты _xСигнальные цвета _91612108 _3RU\NLR\AUTH\661008872 |
|
| 606 | 1 |
_aТехника безопасности _jСтандарты _xПредупредительные знаки и плакаты _92313982 _3RU\NLR\AUTH\6601610127 |
|
| 610 | 0 | _aнесветящийся материал | |
| 610 | 0 | _aсветовозвращающий материал | |
| 610 | 0 | _aфотолюминесцентный материал | |
| 610 | 0 | _aкоэффициент световозвращения | |
| 610 | 0 | _aцвет послесвечения | |
| 610 | 0 | _aдлительность послесвечения | |
| 610 | 0 | _aцветографическое изображение | |
| 675 | _a331.4:006.354 | ||
| 686 |
_a13.100 _v2000 _2oks |
||
| 686 | 1 | _aЖ.н6я861 | |
| 712 | 0 | 2 |
_4900 _a"Экожилсервис", общество с ограниченной ответственностью _cМосква _9547865 _3RU\NLR\AUTH\880441948 |
| 712 | 0 | 2 |
_4900 _aПермский национальный исследовательский политехнический университет _9277853 _3RU\NLR\AUTH\8810194144 |
| 712 | 0 | 2 |
_4725 _aМежгосударственный совет по стандартизации, метрологии и сертификации _9321571 _3RU\NLR\AUTH\8823529 |
| 801 | 0 |
_aRU _bРГБ _c20161013 _gRCR |
|
| 942 | _cBOOK | ||
| 980 | _aNBR | ||